000 004100000a22001570004500
003 LK-CoMWRAF
008 230817t ||||| |||| 00| 0 eng d
040 _aLK-CoMWRAF
_dLK-CoMWRAF
_eLK-CoMWRAF
041 _aeng
082 _a770
_bMAL
245 _aMalaiyaga Makkalum Ethirkalamum
_b
260 _aChennai
_bPuthiya Bhoomi Veliyeetagakm
_c1992
300 _ap.36
650 _aPlantation workers
942 _cBK
999 _c2691
_d2691